Die bekanntesten Transferströme zwischen Wolfsburg und Stuttgart - Statistiken

Allgemein
  • Dieses Quiz wurde 22 mal gespielt
  • Das Durchschnittsergebnis liegt bei 8 aus 15
Antwortstatistiken
Saison Abgebender Verein Aufnehmender Verein Position Ablöse in € Spielername % Korrekt
2017/2018 Wolfsburg Stuttgart Mittelstürmer 3.000.000 Gomez
89%
2007/2008 Stuttgart Wolfsburg Zentrales MF Leihe 400.000 Gentner
84%
2008/2009 Stuttgart Wolfsburg Stuttgart 2.500.000 Gentner
84%
2010/2011 Wolfsburg Stuttgart Stuttgart ablösefrei Gentner
84%
2016/2017 Stuttgart Wolfsburg Offensives MF ablösefrei Didavi
74%
2018/2019 Wolfsburg Stuttgart Offensives MF ? Didavi
74%
2018/2019 Stuttgart Wolfsburg Mittelstürmer 10.000.000 Ginczek
74%
2011/2012 Stuttgart Wolfsburg Defensives MF 9.000.000 Träsch
53%
2021/2022 Wolfsburg Stuttgart Mittelstürmer Leihe Marmoush
47%
1999/2000 Stuttgart Wolfsburg Mittelstürmer 1.400.000 Akpoborie
26%
2016/2017 Wolfsburg Stuttgart Linksaußen Leihe Brekalo
26%
2007/2008 Stuttgart Wolfsburg Mittelstürmer Leihe Ljuboja
16%
2007/2008 Wolfsburg Stuttgart Mittelstürmer Leihe 300.000 Radu
16%
1998/1999 Wolfsburg Stuttgart Innenverteidiger 300.000 Keller
5%
2012/2013 Wolfsburg Stuttgart Innenverteidiger Leihe 300.000 Lopes
5%
Keine übereinstimmenden Quizze gefunden
Verteilung der Resultate
Anzahl Personen mit jedem Resultat
Perzentil nach korrekt beantworteten Fragen
Ihre Resultats-Entwicklung
Sie haben dieses Quiz noch nicht gespielt